Memoria del Primer Festival político con enfoque de género /

সংরক্ষণ করুন:
গ্রন্থ-পঞ্জীর বিবরন
প্রধান লেখক: Vásquez Vargas, Sofía
বিন্যাস: পাঠ‍্য
ভাষা:Spanish
প্রকাশিত: Friedrich Ebert Stiftung
ট্যাগগুলো: ট্যাগ যুক্ত করুন
কোনো ট্যাগ নেই, প্রথমজন হিসাবে ট্যাগ করুন!

MARC

LEADER 00000 a a2200000 04500
001 39540
003 cru CIDCACS/IIS
005 20170908164356.0
008 170908b xxu||||| |||| 00| 0 spa d
999 |c 11537  |d 11537 
040 |c CIDCACS/IIS 
090 |a 05.03.03 V393m  
100 |a Vásquez Vargas, Sofía  
245 |a Memoria del Primer Festival político con enfoque de género /   |c Sofía Vásquez Vargas 
260 |a Friedrich Ebert Stiftung  
300 |a 67 páginas 
942 |2 ddc  |c LI